000 00355nam a2200133 a 4500
005 20140412111420.0
008 070912s19uu xx 00 eng d
020 _a82-04-06705-4
050 _aER
_bLi72
100 _aBringsvaerd, Tor Age
245 _aThe little troll /
_cTor Age Bringsvaerd.
260 _aDenmark :
_bN.W. Damm & Son.
999 _c105997
_d105997